• 首页
  • 本馆介绍
  • 公告通知
  • 最新文献
  • 馆藏检索
  • 电子资源
  • 读者导购
  • 参考咨询
  • 我的图书馆
  • 登录
  • 详细信息显示
  • 放入我的书架
  • 预约/预借图书
  • 作者相关作品
  • 分类相关作品
  • 丛书相关作品
  • 出版社相关作品

书目信息

  • 表格格式
  • 工作单格式
  • 卡片格式
题名:
路德维希·费尔巴哈和德国古典哲学的终结
    
 
作者: 恩格斯 著 ;中共中央马恩列斯著作编译局 译
分册:  
出版信息: 北京   人民出版社  1972.04
页数: 151页
开本: 21cm
丛书名:
单 册:
中图分类: A124
科图分类:
主题词: 马恩著作--单行本--1873~1889年6月
电子资源:
ISBN:
000 00745nam0 2200217 45
001 0311281170
005 20070801113547.17
010    @dCNY0.32
091    @a1001.843
100    @a20031128d1972 km y0chiy0120 ea
101 0  @achi
200 1  @a路德维希·费尔巴哈和德国古典哲学的终结@ALu De Wei Xi·Fei Er Ba Ha He De Guo Gu Dian Zhe Xue De Zhong Jie@f恩格斯著@FEn Ge Si Zhu@g中共中央马恩列斯著作编译局译
210    @a北京@c人民出版社@d1972.04
215    @a151页@d21cm
300    @a书后有附录
606 0  @a马恩著作@x单行本@z1873~1889年6月
690    @aA124@v3
701  0 @a恩格斯@4著
712 02 @a中共中央马恩列斯著作编译局@AZhong Gong Zhong Yang Ma En Lie Si Zhu ZuoBian Yi Ju@4译
801    @aCN@bTSTC@c20070801
905    @dA124@e3@f1@b65451
    
    路德维希·费尔巴哈和德国古典哲学的终结/恩格斯著/中共中央马恩列斯著作编译局译.-北京:人民出版社,1972.04
    151页;21cm
    书后有附录
    
    ISBN :CNY0.32
    
●
相关链接 在E读中查询图书 在五车中查询图书 在当当中查询图书 在豆瓣中查询图书


正题名:路德维希·费尔巴哈和德国古典哲学的终结     索取号:A124/3         预约/预借

序号 登录号 条形码 馆藏地/架位号 状态 备注
1 0044567   001604936   密集书库/ [索取号:A124/3] 在馆    
2 0044568   001604945   密集书库/ [索取号:A124/3] 在馆    
3 0044570   001605007   密集书库/ [索取号:A124/3] 在馆    
4 0044575   001604990   密集书库/ [索取号:A124/3] 在馆    
5 0044580   001604981   密集书库/ [索取号:A124/3] 在馆    
6 0044581   001604972   密集书库/ [索取号:A124/3] 在馆    
7 0044585   001605043   密集书库/ [索取号:A124/3] 在馆    
8 0044589   202371897   密集书库/ [索取号:A124/3] 在馆    
9 0044593   001605034   密集书库/ [索取号:A124/3] 在馆    
10 0044600   001604810   密集书库/ [索取号:A124/3] 在馆    
11 0044602   001604954   密集书库/ [索取号:A124/3] 在馆    
12 0044609   202371931   密集书库/ [索取号:A124/3] 在馆    
13 0044611   001604865   密集书库/ [索取号:A124/3] 在馆    
14 0044612   202371922   密集书库/ [索取号:A124/3] 在馆    
15 0044615   001604883   密集书库/ [索取号:A124/3] 在馆    
16 0044619   001604874   密集书库/ [索取号:A124/3] 在馆    
17 0044621   001604856   密集书库/ [索取号:A124/3] 在馆    
18 0044625   001604927   密集书库/ [索取号:A124/3] 在馆    
19 0044630   001604918   密集书库/ [索取号:A124/3] 在馆    
20 0044633   001604909   密集书库/ [索取号:A124/3] 在馆    
21 0044636   001604892   密集书库/ [索取号:A124/3] 在馆    
22 0065444   001604963   密集书库/ [索取号:A124/3] 在馆    
23 0065450   001604829   密集书库/ [索取号:A124/3] 在馆    
24 0065451   000948540   第一样本阅览室/ [索取号:A124/3] 在馆    
25 0769143   207691434   密集书库/ [索取号:A124/3] 在馆    
26 0790850   207908503   密集书库/ [索取号:A124/3] 在馆    
唐山师范学院图书馆 欢迎您!
大连网信软件有限公司© 版权所有